000 01061nam a22002897a 4500
005 20140825163931.0
010 _aENG-110622
020 _c799.00
_a9789339205805
020 _c799.00
_a9339205804
035 _aEN-94154
037 _bDBAD/PUB
082 _a658.4038011
100 _aApplegate, Lynda M.
245 _aCorporate information strategy and management :
_btext and cases /
_cby Lynda M. Applegate,Robert D. Austin [and] Deborah L. Soule
250 _a8th ed
260 _aNew Delhi
_bMcGraw Hill Education
_c2014
270 _aP-24, Green Park Extn.
_bNew Delhi
_e110016
300 _axi,513p. :
_c25cm(pbk)
_bill.,maps
500 _a Includes bibliographical references (p. 495-498) and index.
650 _a Information technology
_xManagement.
650 _a Management information systems.
650 _a Information resources management.
650 _a Information technology
_xManagement
_vCase studies.
700 _aAustin, Robert D.
700 _aSoule, Deborah L.
942 _2ddc
_cEN
_mAPP
_h658.4038011
999 _c87666
_d87666